00278nam a2200109Ia 4500008004100000082000900041100002000050245002700070260001700097630002700114730002700141100328s9999 xx 000 0 und d b1801 aBlavatsky H. D. aThe Secret Doctrine-VI bTheosophical aThe Secret Doctrine-VI aThe Secret Doctrine-VI